000 00558nam a2200169Ia 4500
003 GCL
008 140319s9999 xx 000 0 ara d
040 _aGCL /
_cGCL
082 0 4 _aم
_b410.03
_bم م
100 1 _aمحمد على الخولى
245 1 0 _aمعجم علم اللغة النظرى انجليزى - عربى\ عربى - انجليزى /
_cمحمد على الخولى
260 _a[S.N] :
_bمكتبة لبنان ،
_c1991
300 _a400 ص
650 0 4 _aالمعاجم
650 0 4 _aاللغة الانجليزية
942 _2ddc
_cREF
999 _c59572
_d59572